Music Quiz

Random Music or Lyrics Quiz

Name the Sworn In Songs from The Death Card Quiz Stats

Quiz not verified by Sporcle

Challenge
Share
Tweet
Embed
Score 0/11 Timer 10:00
0 Plays Today
% Correct
A Song for the Nameless
81%
Mindless
57.1%
XII
57.1%
Three Cheers
47.6%
Dead Soul
47.6%
Bitter Blood
47.6%
Hypocrisy
42.9%
Death
28.6%
Snake Eyes
28.6%
Heartless (Return)
23.8%
Deadpan
14.3%

You're not logged in!

Compare scores with friends on all Sporcle quizzes.
Join for Free
OR
Log In

You Might Also Like...

Show Comments

Extras

Created Apr 30, 2017ReportNominate
Tags:Lyrics Quiz, Metalcore Metal

Top Quizzes Today


Score Distribution

Your Account Isn't Verified!

In order to create a playlist on Sporcle, you need to verify the email address you used during registration. Go to your Sporcle Settings to finish the process.

Report this User

Report this user for behavior that violates our Community Guidelines.

Details: